000 01252cam a2200337 a 4500
001 13663
003 BD-RjUL
005 20211208235506.0
008 140201s2000 enkab b 001 0 eng
020 _a019285352X
020 _a9780192853523
035 _a(BD-RjUL)13715
040 _aDLC
_cDLC
_dDLC
_dBD-RjUL
_beng
041 _aeng
082 0 0 _a901
_221
_bARH 2000
100 1 _aArnold, John.
_d1969-
_942759
245 1 0 _aHistory :
_ba very short introduction /
_cJohn H. Arnold.
260 _aOxford :
_aNew York :
_bOxford University Press,
_c2000.
300 _a137 p. :
_bill., 1 map ;
_c18 cm.
504 _aIncludes bibliographical references (p. 127-130) and index.
650 0 _aHistory
_xPhilosophy.
_942761
650 0 _aHistory, Methodology.
_942762
650 0 _aHistoriography.
_942763
856 4 2 _3Publisher description
_uhttp://www.loc.gov/catdir/enhancements/fy0604/99057694-d.html
856 4 1 _3Table of contents only
_uhttp://www.loc.gov/catdir/enhancements/fy0604/99057694-t.html
856 4 2 _3Contributor biographical information
_uhttp://www.loc.gov/catdir/enhancements/fy0724/99057694-b.html
942 _2ddc
_cBK
999 _c13663
_d13663